000 00559cab a2200217 4500
001 WB3247-52
008 090401t1996 xxu||||| |||| 00| 0 eng d
035 _a(Sirsi) u69541
041 _aeng
245 _aCambridge
260 _c1996
300 _aLOAN
350 _a0
490 _aFinancial Times
_v12 December 1996, (6)
520 _aSurvey on Cambridge covering industry, transport, tourism and property. Company profiles.
650 _aCAMBRIDGE
650 _aEAST ANGLIA
690 _aSPECIAL REPORTS
942 _n0
948 _c04/03/1997
999 _c43682
_d43682